Normal view
MARC view
- STUDY GUIDE- SINGLE VARIABLE CALCULUS
Entry Topical Term
001 - CONTROL NUMBER
- control field: 62086
003 - CONTROL NUMBER IDENTIFIER
- control field: NUST
005 - DATE AND TIME OF LATEST TRANSACTION
- control field: 20210628202855.0
008 - FIXED-LENGTH DATA ELEMENTS
- fixed length control field: 210628|| aca||aabn | a|a d
040 ## - CATALOGING SOURCE
- Original cataloging agency: NUST
- Transcribing agency: NUST
150 ## - HEADING--TOPICAL TERM
- Topical term or geographic name entry element: STUDY GUIDE- SINGLE VARIABLE CALCULUS
670 ## - SOURCE DATA FOUND
- Source citation: Work cat.: (NUST): Stewart, James.S Burton , Robert Garity , Dennis 62085, Single variable calculus concepts and contexts, 2001
